| 000 | 01218nam a22003375a 4500 | ||
|---|---|---|---|
| 003 | EG-ScBUE | ||
| 005 | 20241117155001.0 | ||
| 008 | 180305s200u ua f b 000 d eng d | ||
| 040 |
_aEG-ScBUE _beng _erda _cEG-ScBUE _dEG-ScBUE |
||
| 082 | 0 | 4 |
_a822.33 _bSHA _222 |
| 100 | 1 |
_aShakespeare, William, _d1564-1616, _eauthor. |
|
| 245 | 1 | 0 |
_aRomeo and Juliet / _cWilliam Shakespeare ; edited prof. R. Awad. |
| 264 | 1 |
_aCairo : _bThe Anglo-Egyptian Bookshop, _c[200-] |
|
| 300 |
_a305 pages ; _c20 cm |
||
| 336 |
_2rdacontent _atext _btxt |
||
| 337 |
_2rdamedia _aunmediated _bn |
||
| 338 |
_2rdacarrier _avolume _bnc |
||
| 504 | _aIncludes bibliographical references. | ||
| 600 | 0 | 7 |
_a Romeo _c(Fictitious character) _vDrama. _2BUEsh _925678 |
| 600 | 0 | 7 |
_aJuliet _c(Fictitious character) _vDrama. _2BUEsh |
| 600 | 1 | 7 |
_aShakespeare, William, _d1564-1616. _tRomeo and Juliet. _2BUEsh |
| 600 | 1 | 7 |
_aShakespeare, William, _d1564-1616. _xCriticism and interpretation. _2BUEsh |
| 650 | 7 |
_aVendetta _vDrama. _2BUEsh |
|
| 650 | 7 |
_aYouth _vDrama. _2BUEsh |
|
| 650 | 7 |
_aEnglish literature. _2BUEsh |
|
| 651 | _2BUEsh | ||
| 653 |
_bHHUUEENN _cMarch2018 |
||
| 655 |
_vText book _933728 |
||
| 700 | 1 |
_aAwad, R., _eeditor. |
|
| 942 |
_2ddc _cTXT |
||
| 999 |
_c26241 _d26213 |
||